Teach yourself planets (Record no. 80935)
[ view plain ]
| 000 -LEADER | |
|---|---|
| fixed length control field | 00836nam a2200205 a 4500 |
| 008 - FIXED-LENGTH DATA ELEMENTS--GENERAL INFORMATION | |
| fixed length control field | 081121s2003 ||||||||||||||||| || u |
| 020 ## - INTERNATIONAL STANDARD BOOK NUMBER | |
| International Standard Book Number | 0071456228 |
| 050 ## - LIBRARY OF CONGRESS CALL NUMBER | |
| Classification number | QB 601 Rot |
| 100 ## - MAIN ENTRY--PERSONAL NAME | |
| Personal name | Rothery, David A |
| 245 10 - TITLE STATEMENT | |
| Title | Teach yourself planets |
| Statement of responsibility, etc. | David A. Rothery |
| 260 ## - PUBLICATION, DISTRIBUTION, ETC. | |
| Place of publication, distribution, etc. | London |
| Name of publisher, distributor, etc. | Hodder Arnold |
| Date of publication, distribution, etc. | 2003 |
| 300 ## - PHYSICAL DESCRIPTION | |
| Extent | viii, 240p.: ill. |
| 350 ## - | |
| -- | 0.00 |
| 490 ## - | |
| -- | Teach yourself |
| 650 ## - SUBJECT ADDED ENTRY--TOPICAL TERM | |
| Topical term or geographic name entry element | PLANETS |
| 650 ## - SUBJECT ADDED ENTRY--TOPICAL TERM | |
| Topical term or geographic name entry element | PLANETS--STUDY AND TEACHING |
| 650 ## - SUBJECT ADDED ENTRY--TOPICAL TERM | |
| Topical term or geographic name entry element | SOLAR SYSTEM |
| 995 ## - | |
| -- | ANNEX COLLECTION (Main Library) |
| -- | 0.00 |
| -- | 739321 |
| -- | CBU-MAIN LIBRARY (Kitwe) |
| -- | 1 |
| -- | 0.00 |
| -- | QB 601 ROT |
| -- | 1 |
| -- | LOST |
| -- | Mar 7, 2013 |
| -- | Feb 18, 2009 |
| -- | 739321 |
| -- | Annex Low-Usage Collection |
| 995 ## - | |
| -- | ANNEX COLLECTION (Main Library) |
| -- | 0.00 |
| -- | 739985 |
| -- | CBU-MAIN LIBRARY (Kitwe) |
| -- | 1 |
| -- | 0.00 |
| -- | QB 601 ROT |
| -- | 2 |
| -- | AVAILABLE |
| -- | May 20, 2009 |
| -- | 739985 |
| -- | Annex Low-Usage Collection |
| 999 ## - | |
| -- | 80935 |
| -- | 80935 |
| Withdrawn status | Lost status | Source of classification or shelving scheme | Damaged status | Not for loan | Permanent Location | Current Location | Shelving location | Date acquired | Total Checkouts | Full call number | Barcode | Date last seen | Copy number | Price effective from | Koha item type |
|---|---|---|---|---|---|---|---|---|---|---|---|---|---|---|---|
| CBU-MAIN LIBRARY, KITWE. | CBU-MAIN LIBRARY, KITWE. | 07/11/2023 | QB 601 Rot | 739321 | 07/11/2023 | 1 | 07/11/2023 | MONOGRAPH | |||||||
| CBU-MAIN LIBRARY, KITWE. | CBU-MAIN LIBRARY, KITWE. | 07/11/2023 | QB 601 Rot | 739985 | 07/11/2023 | 2 | 07/11/2023 | MONOGRAPH |